ბათუმის შოთა რუსთაველის სახელმწიფო უნივერსიტეტის ბიბლიოთეკა

საგზაო მოძრაობა : (ბიბ.ჩანაწერი № 54334)

000 -ლიდერი
ფიქსირებული სიგრძის საკონტროლო ველი 01157nam a2200241Ia 4500
001 - საკონტროლო ნომერი
საკონტროლო ველი 21390
003 - საკონტროლო ნომრის იდენტიფიკატორი
საკონტროლო ველი GE_BSU
005 - ბოლო ოპერაციის თარიღი და დრო
საკონტროლო ველი 20211103160412.0
008 - ფიქსირებული სიგრძის მონაცემთა ელემენტები - ზოგადი ინფორმაცია
ფიქსირებული სიგრძის საკონტროლო ველი 181216s2015||||ge |||||||||||||| ||geo||
020 ## - წიგნის საერთაშორისო სტანდარტული ნომერი
International Standard Book Number 9789941083013
040 ## - კატალოგიზაციის წყარო
Transcribing agency GE_BSU
041 ## - ენის კოდი
Language code of text/sound track or separate title geo
080 ## - უნივერსალური ათობითი კლასიფიკაციის ინდექსი
Universal Decimal Classification number 656.13 ვ-19
100 ## - მთავარი ჩანაწერი - პიროვნების სახელი
Personal name ვანდერბილთი, ტომ
9 (RLIN) 12803
245 ## - ცნობა სათაურის შესახებ
Title საგზაო მოძრაობა :
Remainder of title რატომ ვატარებთ მანქანას ისე, როგორც ვატარებთ და რას ამბობს ეს ჩვენ შესახებ /
Statement of responsibility, etc ტომ ვანდერბილთი ; რედ. ნ. ჯავახიშვილი ; მთარგმნ. გ. ბერაძე.
264 ## - წარმოების, გამოცემის, დისტრიბუციის და სხვა ცნობები
გამოცემის, წარმოების, დისტრიბუციის... ადგილი თბილისი :
გამოცემის, წარმოების, დისტრიბუციის... სახელწოდება რადარამი,
გამოცემის, წარმოების, დისტრიბუციის... თარიღი 2015.
300 ## - ფიზიკური აღწერა
Extent 372 გვ. ;
Dimensions 21 სმ.
653 ## - INDEX TERM--UNCONTROLLED
Uncontrolled term საგზაო მოძრაობა
700 ## - ADDED ENTRY--PERSONAL NAME
Personal name ჯავახიშვილი, ნ.
Relator term რედაქტორი
9 (RLIN) 12804
700 ## - ADDED ENTRY--PERSONAL NAME
Personal name ბერაძე, გ.
Relator term მთარგმნელი
9 (RLIN) 10073
942 ## - ADDED ENTRY ELEMENTS (KOHA)
Koha item type წიგნი
Source of classification or shelving scheme
ეგზემპლარები
ჩამოწერის სტატუსი დაკარგული ეგზემპლარის სტატუსი კლასიფიკაციის წყარო ან თაროზე გაწყობის სქემა დაზიანების სტატუსი არ გაიცემა მუდმივი მდებარეობა (დაცვის ადგილი) ამჟამინდელი ადგილსამყოფელი თაროზე განთავსების ადგილი შეძენის თარიღი ღირებულება, შესყიდვის ნორმალური ფასი სრული შენახვის შიფრი შტრიხკოდი ბოლო ოპერაციის თარიღი ეგზემპლარის მიმდევრობითი ნომერი (კეტერი?) ფასის ძალაში შესვლის თარიღი ეგზემპლარის სახეობა საჯარო შენიშვნა
          ბათუმის შოთა რუსთაველის სახელმწიფო უნივერსიტეტის მთავარი ბიბლიოთეკა ბათუმის შოთა რუსთაველის სახელმწიფო უნივერსიტეტის მთავარი ბიბლიოთეკა წიგნსაცავი 2018-12-17 12.00 656.13 ვ-19 55315 2018-12-17 55315 2018-12-17 წიგნი 12.00 ₾.